[Event "TUR-ch (Women)"]
[Site "Gaziantep"]
[Date "2024.03.06"]
[Round "6"]
[White "Cicek, Fidan"]
[Black "Tanriver, Nur Sima"]
[Result "1-0"]
[WhiteElo "1711"]
[BlackElo "1581"]
[PlyCount "68"]
[EventDate "2024.03.03"]
[EventType "swiss"]
[EventRounds "9"]
[EventCountry "TUR"]
[SourceTitle "CB11_2024"]
[SourceDate "2024.03.13"]
[SourceVersion "1"]
[SourceVersionDate "2024.03.13"]
[SourceQuality "1"]

1. e4 c5 2. Nf3 e6 3. d4 cxd4 4. Nxd4 Nc6 5. Nc3 a6 6. Be3 Qc7 7. Be2 Nge7 8. 0-0 Nxd4 9. Qxd4 Nc6 10. Qd2 Be7 11. Na4 b5 12. Nb6 Rb8 13. Nxc8 Rxc8 14. a4 0-0 15. axb5 axb5 16. Bxb5 Qe5 17. Bxc6 dxc6 18. Qd4 Qb5 19. c4 Qb4 20. Bd2 Qb8 21. Bc3 Bf6 22. e5 Rfd8 23. Qc5 Bh4 24. g3 Bg5 25. Ra7 Rc7 26. Rxc7 Qxc7 27. Ba5 Qd7 28. Bxd8 Qxd8 29. Qxc6 h6 30. Qd6 Qa8 31. Rd1 Qf3 32. Qd3 Qg4 33. b4 h5 34. b5 h4 1-0

[Event "TUR-ch (Women)"]
[Site "Gaziantep"]
[Date "2024.03.06"]
[Round "5"]
[White "Mustu, Hatice Asli"]
[Black "Cicek, Fidan"]
[Result "1-0"]
[WhiteElo "1917"]
[BlackElo "1711"]
[PlyCount "89"]
[EventDate "2024.03.03"]
[EventType "swiss"]
[EventRounds "9"]
[EventCountry "TUR"]
[SourceTitle "CB11_2024"]
[SourceDate "2024.03.13"]
[SourceVersion "1"]
[SourceVersionDate "2024.03.13"]
[SourceQuality "1"]

1. d4 Nf6 2. Nf3 e6 3. c4 b6 4. g3 Bb7 5. Bg2 Be7 6. 0-0 0-0 7. d5 exd5 8. Nh4 c5 9. cxd5 d6 10. Nc3 Re8 11. e4 Nbd7 12. Re1 Bf8 13. Nf5 a6 14. a4 g6 15. Ne3 Rb8 16. Nc4 Ba8 17. Na3 Nh5 18. Be3 Ng7 19. Qd3 Bb7 20. Nc4 f5 21. f3 Ba8 22. Nd2 Bb7 23. f4 fxe4 24. Ndxe4 Nf5 25. Bh3 Nxe3 26. Rxe3 Bg7 27. Be6+ Kf8 28. Nxd6 Bd4 29. Nxe8 Bxe3+ 30. Qxe3 Qxe8 31. Re1 Nf6 32. Qe5 Kg7 33. g4 Qf8 34. g5 Re8 35. gxf6+ Qxf6 36. Ne4 Qxe5 37. fxe5 c4 38. Nd6 Re7 39. Nxb7 Rxb7 40. d6 Kf8 41. Bxc4 b5 42. axb5 axb5 43. Bd5 Rd7 44. Rf1+ Ke8 45. Bc6 1-0

[Event "TUR-ch (Women)"]
[Site "Gaziantep"]
[Date "2024.03.05"]
[Round "4"]
[White "Ulgez, Selin"]
[Black "Cicek, Fidan"]
[Result "0-1"]
[WhiteElo "1536"]
[BlackElo "1711"]
[PlyCount "60"]
[EventDate "2024.03.03"]
[EventType "swiss"]
[EventRounds "9"]
[EventCountry "TUR"]
[SourceTitle "CB11_2024"]
[SourceDate "2024.03.13"]
[SourceVersion "1"]
[SourceVersionDate "2024.03.13"]
[SourceQuality "1"]

1. d4 Nf6 2. c4 e6 3. Nc3 Bb4 4. f3 d5 5. a3 Bxc3+ 6. bxc3 c5 7. cxd5 exd5 8. e3 0-0 9. Bd3 b6 10. Ne2 Ba6 11. 0-0 Re8 12. Ng3 Bxd3 13. Qxd3 Nc6 14. Bb2 Na5 15. e4 c4 16. Qc2 Nb3 17. Rae1 b5 18. e5 Nd7 19. Nf5 Qb6 20. Nd6 Rxe5 21. Rxe5 Nxe5 22. Nxb5 Nd3 23. a4 a6 24. Na3 Re8 25. Nb1 Re3 26. Nd2 Re2 27. Rd1 Qg6 28. g3 Qh6 29. h4 Qe3+ 30. Kh1 Nxd2 0-1

[Event "TUR-chT 2nd League"]
[Site "Konya"]
[Date "2019.07.28"]
[Round "9.13"]
[White "Cicek, Fidan"]
[Black "Koc, Aylin"]
[Result "0-1"]
[WhiteElo "1421"]
[BlackElo "1458"]
[PlyCount "40"]
[EventDate "2019.07.22"]
[EventType "team-swiss"]
[EventRounds "9"]
[EventCountry "TUR"]
[SourceTitle "CBM 191 Extra"]
[Source "ChessBase"]
[SourceDate "2019.09.30"]
[SourceVersion "1"]
[SourceVersionDate "2019.09.30"]
[SourceQuality "1"]
[WhiteTeam "Calli Spor"]
[BlackTeam "Pamukkale Yonetimi"]
[WhiteTeamCountry "TUR"]
[BlackTeamCountry "TUR"]

1. e4 e5 2. Nf3 Nc6 3. Bb5 a6 4. Ba4 Nf6 5. Qe2 b5 6. Bb3 Bc5 7. c3 0-0 8. Nxe5 Bxf2+ 9. Kxf2 Nxe5 10. h3 Bb7 11. Rf1 Nxe4+ 12. Kg1 d6 13. Qe3 Nf6 14. d4 Ng6 15. Qg3 Re8 16. Bg5 Re2 17. Rf2 Re1+ 18. Kh2 Qe7 19. h4 Qe4 20. Bc2 Ng4+ 0-1

[Event "World School-ch U15 Girls"]
[Site "Antalya"]
[Date "2019.04.23"]
[Round "6"]
[White "Gabatshwarwe, Refilwe"]
[Black "Cicek, Fidan"]
[Result "0-1"]
[WhiteElo "1634"]
[BlackElo "1475"]
[PlyCount "28"]
[EventDate "2019.04.18"]
[EventType "swiss"]
[EventRounds "9"]
[EventCountry "TUR"]
[SourceTitle "CBM 190 Extra"]
[Source "ChessBase"]
[SourceDate "2019.07.15"]
[SourceVersion "1"]
[SourceVersionDate "2019.07.15"]
[SourceQuality "1"]

1. d4 Nf6 2. e3 c5 3. c3 Qa5 4. f4 d6 5. Nf3 g6 6. Bd3 Nc6 7. 0-0 Bg7 8. Nbd2 b5 9. Ne4 Qb6 10. Ng3 0-0 11. Kh1 e5 12. dxc5 dxc5 13. Bc2 Be6 14. b3 c4 0-1

[Event "World School-ch U15 Girls"]
[Site "Antalya"]
[Date "2019.04.18"]
[Round "1"]
[White "Cicek, Fidan"]
[Black "Rzali, Sabina"]
[Result "1/2-1/2"]
[WhiteElo "1475"]
[BlackElo "1674"]
[PlyCount "79"]
[EventDate "2019.04.18"]
[EventType "swiss"]
[EventRounds "9"]
[EventCountry "TUR"]
[SourceTitle "CBM 190 Extra"]
[Source "ChessBase"]
[SourceDate "2019.07.15"]
[SourceVersion "1"]
[SourceVersionDate "2019.07.15"]
[SourceQuality "1"]

1. e4 e6 2. d4 d5 3. Nc3 dxe4 4. Nxe4 Be7 5. Nf3 Nf6 6. Nxf6+ Bxf6 7. Bd3 Nd7 8. c3 0-0 9. 0-0 Re8 10. Re1 g6 11. Qe2 Qe7 12. Bf4 Nb6 13. Ne5 Nd5 14. Bd2 Bg7 15. Qf3 Nb6 16. Qe4 Rb8 17. h4 f5 18. Qf4 Nd5 19. Qg5 Bf6 20. Qh6 Rf8 21. Bg5 Bxg5 22. hxg5 Bd7 23. Bc4 c6 24. g3 f4 25. Kg2 fxg3 26. fxg3 b5 27. Bd3 Rbd8 28. Re2 Qg7 29. Qh3 Nc7 30. Rh1 Rde8 31. Kg1 Re7 32. Reh2 Be8 33. Qg4 Nd5 34. Qe4 a5 35. Rh6 Rf5 36. Qh4 Rf8 37. Qe4 Rf5 38. Qh4 Rf8 39. Qe4 Rf5 40. Qh4 1/2-1/2

[Event "TUR-chT 2nd League"]
[Site "Konya"]
[Date "2018.07.21"]
[Round "8.10"]
[White "Alkan, Ferman"]
[Black "Cicek, Fidan"]
[Result "1-0"]
[WhiteElo "1830"]
[BlackElo "1423"]
[PlyCount "71"]
[EventDate "2018.07.16"]
[EventType "team-swiss"]
[EventRounds "9"]
[EventCountry "TUR"]
[SourceTitle "EXT 2019"]
[Source "ChessBase"]
[SourceDate "2018.10.10"]
[SourceVersion "1"]
[SourceVersionDate "2018.10.10"]
[SourceQuality "1"]
[WhiteTeam "Gaziantep Sader"]
[BlackTeam "Calli Spor"]
[WhiteTeamCountry "TUR"]
[BlackTeamCountry "TUR"]

1. d4 Nf6 2. c4 g6 3. Nc3 Bg7 4. e4 d6 5. f3 0-0 6. Be3 a6 7. Qd2 Nfd7 8. Nge2 Nc6 9. g4 Na5 10. Ng3 c5 11. d5 Ne5 12. Qf2 Nexc4 13. h4 Qb6 14. Bc1 Na3 15. h5 Qb4 16. Qd2 N3c4 17. Qc2 Na3 18. Qd2 N3c4 19. Bxc4 Nxc4 20. Qc2 Na3 21. Qd3 Nc4 22. Qc2 Na3 23. Qh2 Bxc3+ 24. bxc3 Qxc3+ 25. Kf2 Qxa1 26. hxg6 Qd4+ 27. Be3 Qb2+ 28. Ne2 Qg7 29. gxh7+ Kh8 30. Bh6 Qg6 31. Bxf8 Bxg4 32. Bxe7 Bd7 33. Qf4 f5 34. Bxd6 Nc4 35. Bxc5 Re8 36. Bd4+ 1-0

[Event "TUR-chT 2nd League"]
[Site "Konya"]
[Date "2018.07.19"]
[Round "6.8"]
[White "Cicek, Fidan"]
[Black "Sahin, Dilem"]
[Result "1/2-1/2"]
[WhiteElo "1423"]
[BlackElo "1279"]
[PlyCount "62"]
[EventDate "2018.07.16"]
[EventType "team-swiss"]
[EventRounds "9"]
[EventCountry "TUR"]
[SourceTitle "EXT 2019"]
[Source "ChessBase"]
[SourceDate "2018.10.10"]
[SourceVersion "1"]
[SourceVersionDate "2018.10.10"]
[SourceQuality "1"]
[WhiteTeam "Calli Spor"]
[BlackTeam "Altin Hamle Corum"]
[WhiteTeamCountry "TUR"]
[BlackTeamCountry "TUR"]

1. e4 e5 2. Nf3 Nc6 3. d4 exd4 4. Bc4 Nf6 5. Ng5 d5 6. exd5 Nxd5 7. Nxf7 Qe7+ 8. Qe2 Ncb4 9. Qxe7+ Bxe7 10. Bxd5 Nxc2+ 11. Kd1 Nxa1 12. Nxh8 c6 13. Be4 g6 14. Re1 Be6 15. Bxg6+ hxg6 16. Nxg6 Kf7 17. Nxe7 Kxe7 18. b3 d3 19. Bb2 Nc2 20. Re4 Rd8 21. Bc1 Kf7 22. Kd2 Nd4 23. Rf4+ Kg6 24. Bb2 Nf5 25. g4 Kg5 26. Re4 Bd5 27. Ra4 Nh4 28. Rxa7 Nf3+ 29. Kd1 Nxh2 30. Nd2 Nxg4 31. Rxb7 Nxf2+ 1/2-1/2

[Event "TUR-chT 2nd League"]
[Site "Konya"]
[Date "2017.07.23"]
[Round "9.10"]
[White "Cicek, Fidan"]
[Black "Kaya, Sila"]
[Result "1-0"]
[WhiteElo "1367"]
[BlackElo "1261"]
[PlyCount "63"]
[EventDate "2017.07.17"]
[EventType "team-swiss"]
[EventRounds "9"]
[EventCountry "TUR"]
[SourceTitle "EXT 2018"]
[Source "ChessBase"]
[SourceDate "2017.10.13"]
[SourceVersion "1"]
[SourceVersionDate "2017.10.13"]
[SourceQuality "1"]
[WhiteTeam "Antalya Calli"]
[BlackTeam "Istanbul Sisli"]
[WhiteTeamCountry "TUR"]
[BlackTeamCountry "TUR"]

1. e4 c5 2. Nc3 Nc6 3. f4 g6 4. Bc4 Bg7 5. Nf3 d6 6. 0-0 a6 7. a4 e6 8. d3 Nge7 9. Qe1 Nd4 10. Nxd4 Bxd4+ 11. Kh1 Bg7 12. Be3 0-0 13. Rf3 b6 14. Rh3 d5 15. Qh4 h5 16. Ba2 d4 17. Bd2 dxc3 18. bxc3 Nc6 19. Qe1 Bb7 20. Qg3 Qf6 21. Rb1 b5 22. Qf2 Qe7 23. Be3 Rfd8 24. Bxc5 Qd7 25. Bb6 Rdc8 26. Qe2 Bxc3 27. g4 hxg4 28. Qxg4 Qe7 29. f5 exf5 30. Qxg6+ Bg7 31. Rg1 Qe5 32. Qxf7# 1-0

[Event "TUR-chT 2nd League"]
[Site "Konya"]
[Date "2017.07.20"]
[Round "6.13"]
[White "Cicek, Fidan"]
[Black "Bulbul, Huseyin Doruk"]
[Result "1-0"]
[WhiteElo "1367"]
[BlackElo "1255"]
[PlyCount "96"]
[EventDate "2017.07.17"]
[EventType "team-swiss"]
[EventRounds "9"]
[EventCountry "TUR"]
[SourceTitle "CBM 179 Extra"]
[Source "ChessBase"]
[SourceDate "2017.08.23"]
[SourceVersion "1"]
[SourceVersionDate "2017.08.23"]
[SourceQuality "1"]
[WhiteTeam "Antalya Calli"]
[BlackTeam "Burdur Serenler"]
[WhiteTeamCountry "TUR"]
[BlackTeamCountry "TUR"]

1. e4 c5 2. Nc3 g6 3. g3 d6 4. Bg2 Nc6 5. d3 Bg7 6. Be3 Nf6 7. h3 Bd7 8. Qd2 Qb6 9. Nge2 a6 10. Nd1 Rc8 11. c3 e6 12. f4 Qc7 13. 0-0 b6 14. g4 h6 15. Rf3 h5 16. g5 Ng8 17. d4 cxd4 18. Nxd4 Nxd4 19. Bxd4 e5 20. Bf2 Ne7 21. Rd3 Bb5 22. Rxd6 exf4 23. Bxb6 Qb8 24. Bf2 Be5 25. Rb6 Qc7 26. a4 Rd8 27. Qc2 Nc8 28. axb5 Nxb6 29. bxa6 Ra8 30. Qb3 Nc8 31. Qb7 Qxb7 32. axb7 Rb8 33. bxc8Q+ Rxc8 34. Bd4 Bxd4+ 35. cxd4 0-0 36. Nc3 Rb8 37. Rb1 Rfc8 38. Nd5 Rc4 39. Nf6+ Kg7 40. d5 Rd8 41. b4 Rd4 42. b5 Rb8 43. b6 Rb7 44. e5 Rd3 45. d6 f3 46. d7 Rbxd7 47. b7 Rxb7 48. Rxb7 Rd5 1-0

[Event "TUR-chT2"]
[Site "Konya"]
[Date "2016.07.17"]
[Round "1.11"]
[White "Sural, Ceren"]
[Black "Cicek, Fidan"]
[Result "1-0"]
[WhiteElo "1488"]
[BlackElo "1339"]
[PlyCount "76"]
[EventDate "2016.07.17"]
[EventType "team-swiss"]
[EventRounds "9"]
[EventCountry "TUR"]
[SourceTitle "CBM 173 Extra"]
[Source "ChessBase"]
[SourceDate "2016.08.29"]
[SourceVersion "1"]
[SourceVersionDate "2016.08.29"]
[SourceQuality "1"]
[WhiteTeam "Karaman Saglik"]
[BlackTeam "Antalya Calli"]
[WhiteTeamCountry "TUR"]
[BlackTeamCountry "TUR"]

1. e4 c5 2. Nf3 d6 3. Bb5+ Bd7 4. Bxd7+ Qxd7 5. 0-0 Nc6 6. c3 Nf6 7. Re1 g6 8. d4 cxd4 9. cxd4 Bg7 10. Nc3 0-0 11. h3 Rab8 12. Bf4 Rfd8 13. d5 Nb4 14. Be3 b5 15. Qe2 Rdc8 16. Nd4 Na6 17. Nc6 Rxc6 18. dxc6 Qxc6 19. Bg5 Nc5 20. Bxf6 Bxf6 21. Nd5 Re8 22. Rac1 Qb7 23. b4 Na6 24. Nxf6+ exf6 25. Qb2 Kg7 26. f3 Nc7 27. Qd4 Re6 28. Red1 Ne8 29. Rd2 Re5 30. Qc3 Re7 31. Qc6 Qb8 32. Qa6 Kg8 33. Rc8 Qb6+ 34. Qxb6 axb6 35. Rc6 Kg7 36. Rxb6 Nc7 37. Rb7 Nd5 38. Rxe7 Nxe7 1-0